[Event "Mexico City UNAM op"]
[Site "Mexico City"]
[Date "2012.11.22"]
[Round "3"]
[White "Verduga Zavala, Denis"]
[Black "Alvarez Pedraza, Aramis"]
[Result "0-1"]
[WhiteElo "2345"]
[BlackElo "2525"]
[PlyCount "54"]
[EventDate "2012.11.21"]
[EventType "swiss"]
[EventRounds "9"]
[EventCountry "MEX"]
[SourceTitle "CBM 151 Extra"]
[Source "ChessBase"]
[SourceDate "2012.12.18"]
[SourceVersion "1"]
[SourceVersionDate "2012.12.18"]
[SourceQuality "1"]

1. e4 c6 2. d3 d5 3. Nd2 g6 4. Ngf3 Bg7 5. g3 e5 6. Bg2 Ne7 7. 0-0 0-0 8. b4 a5 9. Bb2 d4 10. bxa5 Qxa5 11. a4 c5 12. c3 dxc3 13. Nc4 cxb2 14. Nxa5 bxa1Q 15. Qxa1 Rxa5 16. Qc3 Nbc6 17. Rb1 Nb4 18. h4 Nec6 19. Kh2 b6 20. h5 Rxa4 21. hxg6 hxg6 22. Bh3 Ra2 23. Rb2 Nd4 24. Nxd4 exd4 25. Qb3 Rxb2 26. Qxb2 Bxh3 27. Kxh3 Nxd3 0-1

[Event "MEX Nacional op"]
[Site "Pachuca"]
[Date "2003.04.14"]
[Round "1"]
[White "Verduga Zavala, Denis"]
[Black "Carrero Nieto, Giovanni"]
[Result "1-0"]
[WhiteElo "2348"]
[BlackElo "2015"]
[PlyCount "87"]
[EventDate "2003.04.15"]
[EventType "swiss"]
[EventRounds "9"]
[EventCountry "MEX"]
[SourceTitle "CBM 093 Extra"]
[Source "ChessBase"]
[SourceDate "2003.05.09"]
[SourceVersion "1"]
[SourceVersionDate "2003.05.09"]
[SourceQuality "1"]

1. Nf3 Nf6 2. c4 c5 3. g3 d5 4. Bg2 Nc6 5. 0-0 e5 6. Qa4 Bd7 7. cxd5 Nxd5 8. Nxe5 Nxe5 9. Qe4 Bd6 10. Qxd5 Bc6 11. Qb3 Qd7 12. Nc3 Bxg2 13. Kxg2 0-0 14. d3 Rae8 15. Qd5 Bb8 16. Qxd7 Nxd7 17. Rd1 f5 18. Bf4 Re6 19. Bxb8 Nxb8 20. Rac1 Nc6 21. e3 b6 22. d4 cxd4 23. exd4 Ne7 24. Re1 Kf7 25. Nb5 Rxe1 26. Rxe1 Rd8 27. Nxa7 Ra8 28. Nb5 Rxa2 29. Nd6+ Kf8 30. b4 Rd2 31. Ra1 g6 32. Ra8+ Kg7 33. Rd8 Nc6 34. Rd7+ Kf8 35. b5 Nb4 36. Nc4 Rc2 37. Ne5 Rd2 38. h4 Nc2 39. Rxh7 Ne3+ 40. Kf3 Nd1 41. Kf4 Rxd4+ 42. Kg5 Nxf2 43. Kxg6 Ne4 44. Rh8+ 1-0

[Event "Carlos Torre Memorial op 10th"]
[Site "Merida"]
[Date "1997.??.??"]
[Round "9"]
[White "Verduga Zavala, Denis"]
[Black "Vera Gonzalez Quevedo, Reynaldo"]
[Result "0-1"]
[WhiteElo "2335"]
[BlackElo "2530"]
[PlyCount "53"]
[EventDate "1997.12.??"]
[EventType "swiss"]
[EventRounds "9"]
[EventCountry "MEX"]
[SourceTitle "EXT 1999"]
[Source "ChessBase"]
[SourceDate "1998.11.16"]
[SourceVersion "1"]
[SourceVersionDate "1998.11.16"]
[SourceQuality "1"]

1. e4 c5 2. Nf3 d6 3. d4 cxd4 4. Nxd4 Nf6 5. Nc3 a6 6. Bc4 e6 7. Bb3 Nbd7 8. Qe2 Nc5 9. Bg5 Be7 10. f4 h6 11. Bxf6 Bxf6 12. 0-0-0 Qc7 13. Bc4 Bd7 14. Nf5 exf5 15. Nd5 Qd8 16. exf5+ Kf8 17. g4 b5 18. h4 bxc4 19. g5 Bxb2+ 20. Kxb2 Bxf5 21. Rhg1 Qe8 22. gxh6 Rxh6 23. Qd2 Qb5+ 24. Ka1 Rg6 25. h5 Rxg1 26. Rxg1 Qc6 27. Qd4 0-1

[Event "Santa Clara"]
[Site "Santa Clara"]
[Date "1990.??.??"]
[Round "5"]
[White "Henao, Raul Fernando"]
[Black "Verduga Zavala, Denis"]
[Result "0-1"]
[WhiteElo "2400"]
[BlackElo "2405"]
[PlyCount "80"]
[EventDate "1990.02.??"]
[EventType "tourn"]
[EventRounds "13"]
[EventCountry "CUB"]
[EventCategory "8"]
[SourceTitle "EXT 1997"]
[Source "ChessBase"]
[SourceDate "1996.11.15"]
[SourceVersion "1"]
[SourceVersionDate "1996.11.15"]
[SourceQuality "1"]

1. e4 c5 2. Nf3 d6 3. d4 cxd4 4. Nxd4 Nf6 5. Nc3 a6 6. Bc4 b5 7. Bb3 e6 8. 0-0 Be7 9. Qf3 Ra7 10. Be3 Rc7 11. Rad1 b4 12. Nce2 Bb7 13. Bxe6 fxe6 14. Nxe6 Qc8 15. N2d4 Rc5 16. Rfe1 Re5 17. Nxg7+ Kf7 18. Ngf5 Bxe4 19. Nh6+ Ke8 20. Qe2 Bf8 21. Bf4 Bxh6 22. Bxe5 dxe5 23. Nb3 Rg8 24. f3 Bf4 25. Kh1 Ba8 26. Rd4 Kf7 27. Rxb4 Qf5 28. Nc5 Nc6 29. Qc4+ Kg6 30. Rb6 Qh5 31. h3 Qh4 32. Nd3 Rd8 33. Rd1 Rxd3 34. Qxd3+ Kh6 35. Qf5 Kg7 36. g3 Ne7 37. Qxf6+ Qxf6 38. Rxf6 Bxf3+ 39. Kh2 Bxd1 40. Rd6 Bxg3+ 0-1

[Event "Santa Clara"]
[Site "Santa Clara"]
[Date "1990.??.??"]
[Round "3"]
[White "Sariego Figueredo, Wilfredo"]
[Black "Verduga Zavala, Denis"]
[Result "1/2-1/2"]
[WhiteElo "2405"]
[BlackElo "2405"]
[PlyCount "84"]
[EventDate "1990.02.??"]
[EventType "tourn"]
[EventRounds "13"]
[EventCountry "CUB"]
[EventCategory "8"]
[SourceTitle "EXT 1997"]
[Source "ChessBase"]
[SourceDate "1996.11.15"]
[SourceVersion "1"]
[SourceVersionDate "1996.11.15"]
[SourceQuality "1"]

1. e4 c5 2. c3 g6 3. d4 Bg7 4. dxc5 Qc7 5. Be3 Na6 6. Bxa6 bxa6 7. Nd2 Bb7 8. f3 f5 9. Qc2 Nf6 10. exf5 Nd5 11. Bd4 Bxd4 12. cxd4 Ne3 13. Qb3 Nxg2+ 14. Kf2 Nf4 15. f6 Rb8 16. Re1 e6 17. f7+ Kxf7 18. Qe3 Bd5 19. b3 Rhf8 20. Ne2 Nxe2 21. Rxe2 Kg8 22. h4 Rf5 23. Rh3 Rbf8 24. h5 g5 25. Rg3 h6 26. Ne4 Kh8 27. Nd6 Rxf3+ 28. Rxf3 Rxf3+ 29. Qxf3 Bxf3 30. Kxf3 Qc6+ 31. Re4 Qa8 32. Ke2 a5 33. Ke3 Kg8 34. Nc4 Qe8 35. d5 Qxh5 36. dxe6 dxe6 37. c6 g4 38. Ne5 Qg5+ 39. Ke2 Qc1 40. Rc4 Qb2+ 41. Kd3 Qxe5 42. c7 Qg3+ 1/2-1/2

[Event "Bayamo"]
[Site "Bayamo"]
[Date "1990.??.??"]
[Round "7"]
[White "Verduga Zavala, Denis"]
[Black "Arencibia Rodriguez, Walter"]
[Result "0-1"]
[WhiteElo "2405"]
[BlackElo "2425"]
[PlyCount "120"]
[EventDate "1990.04.??"]
[EventType "tourn"]
[EventRounds "13"]
[EventCountry "CUB"]
[EventCategory "8"]
[SourceTitle "CBM 018"]
[Source "ChessBase"]
[SourceDate "1990.10.01"]
[SourceVersion "1"]
[SourceVersionDate "1990.10.01"]
[SourceQuality "1"]

1. g3 d5 2. Bg2 c6 3. c4 Nf6 4. d4 dxc4 5. Nf3 Bf5 6. 0-0 Nbd7 7. a4 a5 8. Bg5 Ne4 9. Nh4 Nxg5 10. Nxf5 Nb6 11. Nc3 e6 12. Ne3 h6 13. Rc1 Be7 14. h4 Nh7 15. Ne4 Nf6 16. Nxc4 0-0 17. e3 Nxc4 18. Rxc4 Nd5 19. Qe2 Nb6 20. Rc2 Nxa4 21. Rd1 Nb6 22. Nc5 Rb8 23. e4 Qc7 24. d5 Bxc5 25. Rxc5 Nd7 26. d6 Qb6 27. Rc3 e5 28. Bh3 Rbd8 29. Kh2 Rfe8 30. Rd2 Qb4 31. Bf1 Nb6 32. Qe3 a4 33. b3 a3 34. Bh3 a2 35. Rc1 Rxd6 36. Rxa2 Red8 37. Bf5 Rd3 38. Qc5 Qxc5 39. Rxc5 g6 40. Bh3 Rxb3 41. Rxe5 Kf8 42. h5 g5 43. Bf5 Nc4 44. Rc5 Nd2 45. Kh3 Rb4 46. e5 Nb3 47. Rc3 Nd4 48. Bg4 Ke7 49. Rd2 f5 50. exf6+ Kxf6 51. Rc5 Re8 52. Ra5 Kg7 53. Rc5 b6 54. Rc3 c5 55. Ra2 Re7 56. Ra8 Rb2 57. Rb8 Nc6 58. Rc8 Na7 59. Rd8 Rxf2 60. Rcd3 Nc6 0-1

[Event "Santa Clara"]
[Site "Santa Clara"]
[Date "1990.??.??"]
[Round "2"]
[White "Verduga Zavala, Denis"]
[Black "Borges Matos, Juan R"]
[Result "1-0"]
[WhiteElo "2405"]
[BlackElo "2500"]
[PlyCount "45"]
[EventDate "1990.02.??"]
[EventType "tourn"]
[EventRounds "13"]
[EventCountry "CUB"]
[EventCategory "8"]
[SourceTitle "EXT 1997"]
[Source "ChessBase"]
[SourceDate "1996.11.15"]
[SourceVersion "1"]
[SourceVersionDate "1996.11.15"]
[SourceQuality "1"]

1. e4 e6 2. d4 d5 3. Nd2 Nf6 4. e5 Nfd7 5. Ngf3 c5 6. c4 Nb6 7. cxd5 Qxd5 8. Bd3 Nc6 9. Be4 Qd8 10. dxc5 Bxc5 11. 0-0 Bd7 12. a3 a5 13. Bb1 Be7 14. Ne4 Nd5 15. Re1 Qc7 16. Ba2 0-0-0 17. Bd2 Kb8 18. Qc1 h6 19. Bxd5 exd5 20. Nd6 Be6 21. b4 Rd7 22. b5 Nxe5 23. Nxe5 1-0

[Event "Bayamo"]
[Site "Bayamo"]
[Date "1990.??.??"]
[Round "9"]
[White "Verduga Zavala, Denis"]
[Black "Gomez Segura, Adalberto"]
[Result "1/2-1/2"]
[WhiteElo "2405"]
[BlackElo "2390"]
[PlyCount "128"]
[EventDate "1990.04.??"]
[EventType "tourn"]
[EventRounds "13"]
[EventCountry "CUB"]
[EventCategory "8"]
[SourceTitle "CBM 018"]
[Source "ChessBase"]
[SourceDate "1990.10.01"]
[SourceVersion "1"]
[SourceVersionDate "1990.10.01"]
[SourceQuality "1"]

1. e4 e6 2. d4 d5 3. Nd2 dxe4 4. Nxe4 Be7 5. Nf3 Nf6 6. Nxf6+ Bxf6 7. Bd3 Nc6 8. c3 b6 9. Qe2 Bb7 10. 0-0 h5 11. Rd1 Ne7 12. a4 Qd6 13. a5 Rd8 14. axb6 axb6 15. Ra7 Bc6 16. Nd2 Nc8 17. Ra1 Qd5 18. Be4 Qd7 19. Qf3 Ne7 20. Re1 Bd5 21. Bxd5 exd5 22. Nf1 Kf8 23. Bf4 Nc8 24. Ng3 h4 25. Nh5 Be7 26. Be5 Rh7 27. h3 Kg8 28. Ra8 Nd6 29. Rxd8+ Qxd8 30. Bxg7 Rxg7 31. Nxg7 Kxg7 32. Qxd5 Bf6 33. Qc6 b5 34. Re3 Qb8 35. Qf3 b4 36. Qg4+ Kf8 37. Rf3 bxc3 38. bxc3 Qb1+ 39. Kh2 Be7 40. Qh5 Ke8 41. c4 Qg6 42. Qa5 Kd8 43. c5 Nc8 44. Qa8 Qe6 45. Re3 Qf5 46. Rf3 Qe6 47. Re3 Qf5 48. Qf3 Qxf3 49. Rxf3 Ke8 50. g3 Na7 51. Rf4 Kf8 52. Kg2 c6 53. gxh4 Nb5 54. Kf3 Nc7 55. Ke4 Nd5 56. Rf5 Bxh4 57. f4 Ne7 58. Rh5 Bf6 59. Kd3 Kg7 60. f5 Nd5 61. Ke4 Nb4 62. Ke3 Nd5+ 63. Ke4 Kf8 64. Rh6 Kg7 1/2-1/2

[Event "Bayamo"]
[Site "Bayamo"]
[Date "1990.??.??"]
[Round "5"]
[White "Verduga Zavala, Denis"]
[Black "Herrera, Irisberto"]
[Result "0-1"]
[WhiteElo "2405"]
[BlackElo "2410"]
[PlyCount "116"]
[EventDate "1990.04.??"]
[EventType "tourn"]
[EventRounds "13"]
[EventCountry "CUB"]
[EventCategory "8"]
[SourceTitle "CBM 018"]
[Source "ChessBase"]
[SourceDate "1990.10.01"]
[SourceVersion "1"]
[SourceVersionDate "1990.10.01"]
[SourceQuality "1"]

1. c4 Nf6 2. Nc3 c5 3. g3 d5 4. cxd5 Nxd5 5. Bg2 Nc7 6. d3 e5 7. f4 exf4 8. Bxf4 Ne6 9. Nf3 Nc6 10. 0-0 Be7 11. Qd2 0-0 12. Kh1 Nxf4 13. gxf4 Rb8 14. Ng5 Nd4 15. e3 Nf5 16. Nf3 Nh4 17. Nxh4 Bxh4 18. f5 b5 19. Ne4 c4 20. dxc4 Qxd2 21. Nxd2 Rd8 22. Rad1 bxc4 23. Nxc4 Rxd1 24. Rxd1 Bxf5 25. b3 h6 26. Kg1 Bg5 27. Kf2 Be6 28. Ne5 Rc8 29. Nf3 Bf6 30. Rd2 Rc1 31. Nd4 Bg4 32. Bf3 Bh3 33. Rc2 Bh4+ 34. Ke2 Rxc2+ 35. Nxc2 Kf8 36. Nd4 Bc8 37. Bd5 Bd8 38. Nb5 Bb6 39. Nd6 Bg4+ 40. Kd3 f6 41. b4 Ke7 42. Nb5 g5 43. a4 Bf5+ 44. Be4 Bd7 45. Nc3 Ke6 46. a5 Bd8 47. Kc4 f5 48. Bb7 Bf6 49. Nb5 Bxb5+ 50. Kxb5 Bc3 51. Kc4 Bd2 52. e4 f4 53. a6 Ke5 54. b5 Ba5 55. Kd3 g4 56. Bc8 h5 57. h3 g3 58. Ke2 g2 0-1

[Event "Santa Clara"]
[Site "Santa Clara"]
[Date "1990.??.??"]
[Round "6"]
[White "Verduga Zavala, Denis"]
[Black "Vera Gonzalez Quevedo, Reynaldo"]
[Result "1/2-1/2"]
[WhiteElo "2405"]
[BlackElo "2475"]
[PlyCount "21"]
[EventDate "1990.02.??"]
[EventType "tourn"]
[EventRounds "13"]
[EventCountry "CUB"]
[EventCategory "8"]
[SourceTitle "EXT 1997"]
[Source "ChessBase"]
[SourceDate "1996.11.15"]
[SourceVersion "1"]
[SourceVersionDate "1996.11.15"]
[SourceQuality "1"]

1. Nf3 Nf6 2. c4 c5 3. Nc3 d5 4. cxd5 Nxd5 5. g3 Nc6 6. Bg2 e6 7. 0-0 Be7 8. Nxd5 exd5 9. d4 0-0 10. Be3 c4 11. Ne5 1/2-1/2

[Event "Santa Clara"]
[Site "Santa Clara"]
[Date "1990.??.??"]
[Round "9"]
[White "Verduga Zavala, Denis"]
[Black "Yakovich, Yuri"]
[Result "0-1"]
[WhiteElo "2405"]
[BlackElo "2470"]
[PlyCount "111"]
[EventDate "1990.02.??"]
[EventType "tourn"]
[EventRounds "13"]
[EventCountry "CUB"]
[EventCategory "8"]
[SourceTitle "EXT 1997"]
[Source "ChessBase"]
[SourceDate "1996.11.15"]
[SourceVersion "1"]
[SourceVersionDate "1996.11.15"]
[SourceQuality "1"]

1. e4 c5 2. Nf3 Nc6 3. d4 cxd4 4. Nxd4 Nf6 5. Nc3 e5 6. Ndb5 d6 7. Bg5 a6 8. Bxf6 gxf6 9. Na3 b5 10. Nd5 Bg7 11. g4 Ne7 12. Nxe7 Qxe7 13. c3 h5 14. gxh5 f5 15. Rg1 Bh6 16. Bg2 Bb7 17. exf5 d5 18. Bxd5 Rd8 19. f6 Qxf6 20. Bxb7 Rxd1+ 21. Rxd1 Bf8 22. Nc2 Bc5 23. Rd2 Ke7 24. Rg3 Rxh5 25. b4 Ba7 26. Rf3 Rf5 27. Ne3 Bxe3 28. Rxe3 Qg6 29. Rg3 Qb6 30. Bc8 Rf4 31. Re3 Qc6 32. Bh3 Re4 33. Rdd3 Rxe3+ 34. Rxe3 Qh1+ 35. Bf1 Qxh2 36. c4 Qf4 37. Be2 bxc4 38. Rc3 Qd4 39. Rxc4 Qa1+ 40. Kd2 Qxa2+ 41. Ke3 f5 42. f3 Kd6 43. Kf2 Qd2 44. Rh4 Kd5 45. Kf1 e4 46. fxe4+ fxe4 47. Bxa6 Qd1+ 48. Kg2 Qf3+ 49. Kh2 Qf2+ 50. Kh3 e3 51. Bc4+ Ke5 52. b5 e2 53. Bxe2 Qxe2 54. b6 Qe3+ 55. Kg2 Qxb6 56. Rg4 0-1

[Event "Bayamo"]
[Site "Bayamo"]
[Date "1990.??.??"]
[Round "12"]
[White "Verduga Zavala, Denis"]
[Black "Zapata, Alonso"]
[Result "0-1"]
[WhiteElo "2405"]
[BlackElo "2480"]
[PlyCount "62"]
[EventDate "1990.04.??"]
[EventType "tourn"]
[EventRounds "13"]
[EventCountry "CUB"]
[EventCategory "8"]
[SourceTitle "CBM 018"]
[Source "ChessBase"]
[SourceDate "1990.10.01"]
[SourceVersion "1"]
[SourceVersionDate "1990.10.01"]
[SourceQuality "1"]

1. e4 c5 2. Nf3 e6 3. d4 cxd4 4. Nxd4 a6 5. Bd3 Nf6 6. 0-0 Qc7 7. Qe2 d6 8. Kh1 g6 9. c3 Bg7 10. Bg5 h6 11. Bh4 e5 12. Bxf6 Bxf6 13. Nc2 Be6 14. Ne3 Nd7 15. Nd2 0-0 16. Bc4 Bg5 17. Rad1 Nf6 18. Bb3 Qc6 19. Qf3 Kg7 20. Rfe1 Rad8 21. Kg1 Rfe8 22. Bd5 Bxd5 23. Nxd5 Nxd5 24. exd5 Qa4 25. Ne4 f5 26. Nxg5 hxg5 27. Qg3 g4 28. c4 Rc8 29. b3 Qxa2 30. h3 gxh3 31. gxh3 Qa5 0-1

[Event "Bayamo"]
[Site "Bayamo"]
[Date "1989.??.??"]
[Round "5"]
[White "Vera Gonzalez Quevedo, Reynaldo"]
[Black "Verduga Zavala, Denis"]
[Result "1-0"]
[WhiteElo "2470"]
[BlackElo "2415"]
[PlyCount "55"]
[EventDate "1989.03.??"]
[EventType "tourn"]
[EventRounds "13"]
[EventCountry "CUB"]
[EventCategory "8"]
[SourceTitle "EXT 1997"]
[Source "ChessBase"]
[SourceDate "1996.11.15"]
[SourceVersion "1"]
[SourceVersionDate "1996.11.15"]
[SourceQuality "1"]

1. d4 Nf6 2. c4 c5 3. d5 g6 4. Nc3 d6 5. e4 Bg7 6. Nf3 0-0 7. Be2 e6 8. 0-0 exd5 9. cxd5 Na6 10. Nd2 Nc7 11. a4 Re8 12. f3 b6 13. Nc4 Ba6 14. Bg5 Qd7 15. Re1 Rab8 16. Qd2 Bxc4 17. Bxc4 a6 18. Bf1 b5 19. axb5 axb5 20. Ra7 c4 21. e5 Nh5 22. g4 b4 23. Ne4 Rxe5 24. gxh5 c3 25. Qf2 Rbe8 26. Bf6 cxb2 27. Bxg7 Kxg7 28. Qxb2 1-0

[Event "Bayamo"]
[Site "Bayamo"]
[Date "1989.??.??"]
[Round "9"]
[White "Vilela de Acuna, Jose Luis"]
[Black "Verduga Zavala, Denis"]
[Result "1/2-1/2"]
[WhiteElo "2405"]
[BlackElo "2415"]
[PlyCount "27"]
[EventDate "1989.03.??"]
[EventType "tourn"]
[EventRounds "13"]
[EventCountry "CUB"]
[EventCategory "8"]
[SourceTitle "EXT 1997"]
[Source "ChessBase"]
[SourceDate "1996.11.15"]
[SourceVersion "1"]
[SourceVersionDate "1996.11.15"]
[SourceQuality "1"]

1. d4 g6 2. e4 Bg7 3. Nc3 c5 4. dxc5 Bxc3+ 5. bxc3 Qa5 6. Nf3 Nf6 7. Bd3 Qxc5 8. 0-0 d6 9. Be3 Qxc3 10. Bd4 Qa5 11. e5 dxe5 12. Nxe5 0-0 13. Re1 Be6 14. Qf3 1/2-1/2

[Event "Almada"]
[Site "Almada"]
[Date "1988.??.??"]
[Round "4"]
[White "Lukacs, Peter"]
[Black "Verduga Zavala, Denis"]
[Result "1/2-1/2"]
[WhiteElo "2465"]
[BlackElo "2410"]
[PlyCount "26"]
[EventDate "1988.10.??"]
[EventType "tourn"]
[EventRounds "11"]
[EventCountry "POR"]
[EventCategory "7"]
[SourceTitle "EXT 1997"]
[Source "ChessBase"]
[SourceDate "1996.11.15"]
[SourceVersion "1"]
[SourceVersionDate "1996.11.15"]
[SourceQuality "1"]

1. d4 g6 2. c4 Bg7 3. Nc3 c5 4. d5 Bxc3+ 5. bxc3 f5 6. h4 Nf6 7. h5 gxh5 8. e3 Qa5 9. Qc2 d6 10. Bd3 Nbd7 11. Ne2 Ne5 12. Bxf5 Bxf5 13. Qxf5 Qa4 1/2-1/2

[Event "Almada"]
[Site "Almada"]
[Date "1988.??.??"]
[Round "9"]
[White "Unzicker, Wolfgang"]
[Black "Verduga Zavala, Denis"]
[Result "1-0"]
[WhiteElo "2460"]
[BlackElo "2410"]
[PlyCount "81"]
[EventDate "1988.10.??"]
[EventType "tourn"]
[EventRounds "11"]
[EventCountry "POR"]
[EventCategory "7"]
[SourceTitle "EXT 1997"]
[Source "ChessBase"]
[SourceDate "1996.11.15"]
[SourceVersion "1"]
[SourceVersionDate "1996.11.15"]
[SourceQuality "1"]

1. e4 c5 2. Nf3 g6 3. d4 Bg7 4. d5 a6 5. a4 d6 6. Be2 Nf6 7. Nc3 0-0 8. 0-0 e6 9. Nd2 exd5 10. exd5 Nbd7 11. Nc4 Nb6 12. Ne3 Bd7 13. h3 Re8 14. a5 Nc8 15. Bd2 Rb8 16. Re1 Ne7 17. Bf3 h5 18. Nc4 Nf5 19. Rxe8+ Nxe8 20. Be4 Nd4 21. Bf4 Qe7 22. Bd3 Rd8 23. Ne2 Bb5 24. Nxd4 Bxd4 25. c3 Bf6 26. Ne3 Ng7 27. Bxb5 axb5 28. a6 bxa6 29. Rxa6 b4 30. cxb4 cxb4 31. b3 Bc3 32. Qf3 Bd4 33. Qg3 Bc5 34. Qg5 Qe8 35. Qf6 Kh7 36. Bxd6 Rxd6 37. Rxd6 Bxe3 38. Rd8 Qe4 39. fxe3 Qxe3+ 40. Kh2 g5 41. Rd7 1-0

[Event "Almada"]
[Site "Almada"]
[Date "1988.??.??"]
[Round "8"]
[White "Verduga Zavala, Denis"]
[Black "Pereira, Alvaro"]
[Result "1/2-1/2"]
[WhiteElo "2410"]
[BlackElo "2305"]
[PlyCount "52"]
[EventDate "1988.10.??"]
[EventType "tourn"]
[EventRounds "11"]
[EventCountry "POR"]
[EventCategory "7"]
[SourceTitle "EXT 1997"]
[Source "ChessBase"]
[SourceDate "1996.11.15"]
[SourceVersion "1"]
[SourceVersionDate "1996.11.15"]
[SourceQuality "1"]

1. e4 e5 2. Nf3 Nc6 3. Bb5 Bc5 4. 0-0 Nd4 5. Nxd4 Bxd4 6. c3 Bb6 7. d4 c6 8. Ba4 d6 9. Na3 Ne7 10. dxe5 dxe5 11. Qh5 Ng6 12. Bb3 Qe7 13. Nc4 Bc7 14. Bg5 f6 15. f4 Qc5+ 16. Kh1 exf4 17. e5 fxg5 18. Rae1 Be6 19. Nd6+ Bxd6 20. exd6 0-0-0 21. Bxe6+ Kb8 22. d7 Nf8 23. b4 Qd6 24. Bh3 Nxd7 25. Qxg5 Qf6 26. Qxf4+ Qxf4 1/2-1/2

[Event "San Francisco"]
[Site "San Francisco"]
[Date "1987.??.??"]
[Round "?"]
[White "Adianto, Utut"]
[Black "Verduga Zavala, Denis"]
[Result "1/2-1/2"]
[WhiteElo "2510"]
[BlackElo "2435"]
[PlyCount "92"]
[EventDate "1987.09.03"]
[EventType "tourn"]
[EventRounds "11"]
[EventCountry "USA"]
[EventCategory "10"]
[SourceTitle "CBM 005"]
[Source "ChessBase"]
[SourceDate "1988.08.01"]
[SourceVersion "1"]
[SourceVersionDate "1988.08.01"]
[SourceQuality "1"]

1. d4 g6 2. Nf3 Bg7 3. g3 Nf6 4. Bg2 0-0 5. 0-0 d6 6. c4 c5 7. Nc3 Nc6 8. d5 Na5 9. Nd2 a6 10. Qc2 Rb8 11. b3 b5 12. Bb2 bxc4 13. bxc4 Bh6 14. Ncb1 Qc7 15. Bc3 Bd7 16. Nb3 Ba4 17. Qd3 Bxb3 18. axb3 Nxb3 19. Ra3 Nc1 20. Qc2 Qb6 21. f4 Qxb1 22. Qxc1 Qf5 23. h3 Bg7 24. e4 Nxe4 25. Bxg7 Nxg3 26. Rxg3 Kxg7 27. Rg5 Qf6 28. f5 Rb3 29. Rg4 Qc3 30. Qd1 Rfb8 31. Re4 Rb1 32. Qxb1 Rxb1 33. Rxb1 gxf5 34. Rxe7 Qxc4 35. Rbb7 Qc1+ 36. Kh2 Qf4+ 37. Kg1 Qd4+ 38. Kh2 c4 39. Rxf7+ Kg6 40. Rfe7 c3 41. Rbc7 a5 42. Rc8 Qf4+ 43. Kg1 Kf6 44. Rec7 Qd4+ 45. Kh2 Qf4+ 46. Kg1 Qe3+ 1/2-1/2

[Event "Medellin"]
[Site "Medellin"]
[Date "1987.??.??"]
[Round "?"]
[White "Agudelo, Antonio"]
[Black "Verduga Zavala, Denis"]
[Result "1-0"]
[WhiteElo "2340"]
[BlackElo "2435"]
[PlyCount "83"]
[EventDate "1987.??.??"]
[EventType "tourn"]
[EventRounds "13"]
[EventCountry "COL"]
[EventCategory "5"]
[SourceTitle "EXT 1997"]
[Source "ChessBase"]
[SourceDate "1996.11.15"]
[SourceVersion "1"]
[SourceVersionDate "1996.11.15"]
[SourceQuality "1"]

1. Nf3 g6 2. g3 Bg7 3. Bg2 c5 4. 0-0 Nc6 5. c3 e5 6. d4 cxd4 7. cxd4 e4 8. Ne5 d5 9. Nxc6 bxc6 10. Nc3 Qb6 11. e3 f5 12. b3 Nf6 13. Ba3 h5 14. Qc2 h4 15. Rfc1 Bd7 16. Bd6 hxg3 17. hxg3 Ng4 18. Na4 Qd8 19. Nc5 Bc8 20. Bf4 Kf7 21. Na4 Bd7 22. Nc5 Bc8 23. Na4 g5 24. Qxc6 gxf4 25. Qxa8 f3 26. Qxa7+ Kg6 27. Qb6+ Qxb6 28. Nxb6 Rh2 29. Bf1 Be6 30. Rc6 Bxd4 31. Nxd5 Bxa1 32. Rxe6+ Kf7 33. Nf4 Kf8 34. Nh3 Bc3 35. Rg6 Nxe3 36. Kxh2 Nxf1+ 37. Kg1 e3 38. fxe3 Nxe3 39. Rd6 Bb4 40. Rc6 Ng4 41. Nf2 Ne3 42. Nd3 1-0

[Event "Medellin"]
[Site "Medellin"]
[Date "1987.??.??"]
[Round "?"]
[White "Ostos, Julio Eduardo"]
[Black "Verduga Zavala, Denis"]
[Result "1-0"]
[WhiteElo "2365"]
[BlackElo "2435"]
[PlyCount "95"]
[EventDate "1987.??.??"]
[EventType "tourn"]
[EventRounds "13"]
[EventCountry "COL"]
[EventCategory "5"]
[SourceTitle "EXT 1997"]
[Source "ChessBase"]
[SourceDate "1996.11.15"]
[SourceVersion "1"]
[SourceVersionDate "1996.11.15"]
[SourceQuality "1"]

1. g3 g6 2. Bg2 Bg7 3. c4 c5 4. Nf3 Nc6 5. 0-0 e6 6. Na3 Nge7 7. Nc2 Qb6 8. d3 0-0 9. Rb1 d5 10. Nd2 Rd8 11. a3 a5 12. b3 Qa6 13. Bb2 Bxb2 14. Rxb2 b5 15. Qc1 Bb7 16. cxd5 exd5 17. Nf3 a4 18. b4 c4 19. Qf4 Rf8 20. Ne3 Nd8 21. Ne5 Qe6 22. dxc4 bxc4 23. Rd2 f6 24. Nf3 Rc8 25. Qh4 Qf7 26. Bh3 Rc6 27. Nd4 Rb6 28. Qf4 f5 29. Bg2 Qf6 30. Rfd1 g5 31. Qc7 h5 32. Ndxf5 Nxf5 33. Nxf5 Kh8 34. e4 c3 35. Rc2 dxe4 36. Qxc3 Qxc3 37. Rxc3 Rbf6 38. Nd6 e3 39. Nxb7 exf2+ 40. Kf1 Nf7 41. Nc5 Ne5 42. h3 h4 43. g4 Rc8 44. Rd2 Ng6 45. Rxf2 Nf4 46. Kg1 Re6 47. Kh2 Re1 48. Ne4 1-0

[Event "San Francisco"]
[Site "San Francisco"]
[Date "1987.??.??"]
[Round "?"]
[White "Rohde, Michael A"]
[Black "Verduga Zavala, Denis"]
[Result "1/2-1/2"]
[WhiteElo "2550"]
[BlackElo "2435"]
[PlyCount "192"]
[EventDate "1987.09.03"]
[EventType "tourn"]
[EventRounds "11"]
[EventCountry "USA"]
[EventCategory "10"]
[SourceTitle "CBM 005"]
[Source "ChessBase"]
[SourceDate "1988.08.01"]
[SourceVersion "1"]
[SourceVersionDate "1988.08.01"]
[SourceQuality "1"]

1. e4 c5 2. Nf3 d6 3. d4 cxd4 4. Nxd4 Nf6 5. Nc3 a6 6. Be3 e6 7. Qd2 b5 8. f3 Bb7 9. g4 h6 10. 0-0-0 Nbd7 11. Rg1 b4 12. Na4 Qa5 13. b3 Rc8 14. g5 hxg5 15. Rxg5 Qc7 16. Bd3 d5 17. Bf4 Bd6 18. Bxd6 Qxd6 19. Qe3 dxe4 20. fxe4 Qxh2 21. Nf3 Qc7 22. Rxg7 Rh3 23. Qe2 Qf4+ 24. Nd2 Rxd3 25. Qxd3 Bxe4 26. Rg8+ Nf8 27. Rf1 Bxd3 28. Rxf8+ Kxf8 29. Rxf4 Nd5 30. Rd4 Rxc2+ 31. Kd1 Bg6 32. Nc4 Rxa2 33. Nc5 a5 34. Rd2 Ra1+ 35. Ke2 Rc1 36. Kf2 Kg7 37. Kg3 Nb6 38. Nxe6+ fxe6 39. Nxb6 Rc3+ 40. Kf4 Rxb3 41. Nc4 a4 42. Rd7+ Kf6 43. Ne5 Bh5 44. Rh7 Be8 45. Ra7 a3 46. Ng4+ Kg6 47. Ne5+ Kh6 48. Ng4+ Kh5 49. Nf6+ Kg6 50. Nxe8 Rc3 51. Nd6 b3 52. Rxa3 b2 53. Rxc3 b1Q 54. Rg3+ Kf6 55. Ne4+ Kf7 56. Rc3 Qb8+ 57. Ke3 e5 58. Rd3 Qb6+ 59. Kf3 Qg6 60. Re3 Ke6 61. Re2 Qh5+ 62. Ke3 Qh3+ 63. Kd2 Qa3 64. Re3 Qb2+ 65. Kd3 Qd4+ 66. Ke2 Kf5 67. Ng3+ Kf4 68. Rf3+ Kg4 69. Re3 Qc4+ 70. Kf2 Qf7+ 71. Ke2 Qa2+ 72. Kd3 Qb1+ 73. Kd2 Qb2+ 74. Kd3 Qg2 75. Ne4 Qf1+ 76. Kd2 Kf4 77. Nc3 Qf2+ 78. Ne2+ Kf5 79. Kd3 Ke6 80. Kd2 Kd5 81. Kd3 Qf5+ 82. Kd2 Qg4 83. Kd3 Qg6+ 84. Kd2 Qh6 85. Nc3+ Kd4 86. Ne2+ Kc4 87. Ng3 e4 88. Ne2 Kd5 89. Nc3+ Ke5 90. Ne2 Qb6 91. Rc3 Qb2+ 92. Ke3 Qb4 93. Kf2 Qb6+ 94. Re3 Kf5 95. Ng3+ Kf4 96. Ne2+ Kg4 1/2-1/2